000 00334nam a22001337a 4500
008 241016b |||||||| |||| 00| 0 eng d
022 _a00222437
041 _aEng
245 _aJournal Of Marketing Research
260 _aDehli
_bSage Publication
_c2024
300 _a184p
856 _ujournals.sagepub.com/home/mrj
942 _cSR
_s1
999 _c42348
_d42348